000 00233nam a2200109Ia 4500
008 190216s9999||||xx |||||||||||||| ||und||
100 _aParappurath
245 0 _aChanda
260 _bNbs Kottayam
650 _aMalayalam
942 _cBK
999 _c24942
_d24942